000 00496nam a22001817a 4500
003 NUST - PNEC
005 20170116180928.0
008 150904b xxu||||| |||| 00| 0 eng d
020 _a-
040 _cLIBRARY
082 _a621.3 BLA
100 _97749
_aBlalock, Grover Cleveland
245 _aPrinciples of electrical engineering; theory and practice.
_cGrover Cleveland Blalock
250 _a2nd ed.
260 _cc.1936
650 _97751
_aElectrical engineering
_xEE
942 _2ddc
_cBK
999 _c65807
_d65807